ბათუმის შოთა რუსთაველის სახელმწიფო უნივერსიტეტის ბიბლიოთეკა

Нормальная Анатомия Человека. (ბიბ.ჩანაწერი № 44541)

000 -LEADER
fixed length control field 00750nam a2200241Ia 4500
001 - CONTROL NUMBER
control field 11344
003 - CONTROL NUMBER IDENTIFIER
control field GE_BSU
008 - FIXED-LENGTH DATA ELEMENTS--GENERAL INFORMATION
fixed length control field 181216s||||||||xx |||||||||||||| ||und||
020 ## - INTERNATIONAL STANDARD BOOK NUMBER
International Standard Book Number 9785894818146
040 ## - CATALOGING SOURCE
Transcribing agency GE_BSU
080 ## - UNIVERSAL DECIMAL CLASSIFICATION NUMBER
Universal Decimal Classification number 611(075.8)
100 ## - MAIN ENTRY--PERSONAL NAME
Personal name Сапин,М.Р; Г.Л.Билич.
245 ## - TITLE STATEMENT
Title Нормальная Анатомия Человека.
245 ## - TITLE STATEMENT
Remainder of title Учебник;В2 Книгах;Кн.1.
245 ## - TITLE STATEMENT
Statement of responsibility, etc. Гл.ред:А.С.Петров.
260 ## - PUBLICATION, DISTRIBUTION, ETC.
Place of publication, distribution, etc. Москва.
260 ## - PUBLICATION, DISTRIBUTION, ETC.
Name of publisher, distributor, etc. Медицинское информационное агентство.
260 ## - PUBLICATION, DISTRIBUTION, ETC.
Date of publication, distribution, etc. 2010.
300 ## - PHYSICAL DESCRIPTION
Extent 480стр;илл;21см.
653 ## - INDEX TERM--UNCONTROLLED
Uncontrolled term Нормальная Анатомия Человека.
942 ## - ADDED ENTRY ELEMENTS (KOHA)
Koha item type წიგნი
ეგზემპლარები
Withdrawn status Lost status Damaged status Not for loan Date acquired Barcode Date last seen Price effective from Koha item type
        2018-12-17 35412 2018-12-17 2018-12-17 წიგნი